Capitals of all Island Countries. - Statistics

General Stats
  • This quiz has been taken 173 times
    110 since last reset
  • The average score is 29 of 47
Answer Stats
Island Country Capital % Correct
Bahamas Nassau
89%
Cuba Havana
87%
Barbados Bridgetown
83%
Cyprus Nicosia
81%
Iceland Reykjavík
81%
Dominican Republic Santo Domingo
80%
Bahrain Manama
79%
Brunei Bandar Seri Begawan
77%
East Timor Dili
77%
Haiti Port-au-Prince
77%
Antigua and Barbuda Saint John‘s
76%
Cape Verde Praia
73%
Ireland Dublin
70%
Jamaica Kingston
70%
Japan Tokyo
70%
Comoros Moroni
69%
Grenada Saint George‘s
69%
Fiji Suva
69%
Maldives Malé
66%
Philippines Manila
66%
Dominica Roseau
66%
Singapore Singapore
64%
Papua New Guinea Port Moresby
63%
New Zealand Wellington
63%
Madagascar Antananarivo
61%
São Tomé and Príncipe São Tomé
61%
Taiwan Taipei
61%
Seychelles Victoria
61%
United Kingdom London
60%
Saint Lucia Castries
59%
F. S. Micronesia Palikir
59%
Malta Valetta
56%
Saint Kitts and Nevis Basseterre
54%
Mauritius Port Louis
54%
Saint Vincent and the Grenadines Kingstown
53%
Kiribati South Tarawa
53%
Samoa Apia
51%
Sri Lanka Sri Jayawardenepura Kotte
51%
Marshall Islands Majuro
50%
Trinidad and Tobago Port-of-Spain
50%
Palau Ngerulmud
46%
Nauru Yaren
44%
Solomon Islands Honiara
41%
Tonga Nuku‘alofa
39%
Vanuatu Port Vila
36%
Tuvalu Funafuti
33%
Indonesia Nusantara
27%
No matching quizzes found
Score Distribution
Percent of People with Each Score
Percentile by Number Answered
Your Score History
You have not taken this quiz since the last reset